Perspektivy české ekonomiky po vstupu do Evropské unie

Prehľad hlavných makroekonomických ukazovateľov českej ekonomiky. Oživenie svetovej ekonomiky a jej rast. Vývoj v krajinách Višegrádskej štvorky. Prognózy vývoja Českej republiky.

Gespeichert in:
Bibliographische Detailangaben
1. Verfasser: Janáček, Kamil
Weitere Verfasser: Zamrazilová, Eva
Format: Buchkapitel
Sprache:Tschechisch
Schlagworte:
Tags: Tag hinzufügen
Keine Tags, Fügen Sie das erste Tag hinzu!

MARC

LEADER 00000naa$a2200000$$$4500
001 0021715
005 20231019125446.8
041 0 |a cze 
044 |a CZ 
245 1 0 |a Perspektivy české ekonomiky po vstupu do Evropské unie  |c Kamil Janáček, Eva Zamrazilová 
520 |a Prehľad hlavných makroekonomických ukazovateľov českej ekonomiky. Oživenie svetovej ekonomiky a jej rast. Vývoj v krajinách Višegrádskej štvorky. Prognózy vývoja Českej republiky. 
610 2 0 |a prognózy 
610 2 0 |a Česko 
610 2 0 |a Európska únia 
610 2 0 |a SVE 
610 2 0 |a ukazovatele ekonomické 
610 2 0 |a produkt domáci hrubý 
610 2 0 |a inflácia 
610 2 0 |a maloobchod 
610 2 0 |a trh práce 
610 2 0 |a bankovníctvo 
100 1 |a Janáček, Kamil 
700 1 |a Zamrazilová, Eva